| 000 | 00828nam a2200265 4500 | ||
|---|---|---|---|
| 001 | 9660 | ||
| 003 | BD-RJUL | ||
| 005 | 20211208234820.0 | ||
| 008 | 140121r19621958nyua b 001 0 eng d | ||
| 035 | _a(BD-RjUL)9705 | ||
| 040 |
_aBD-RjUL _beng _cBD-RjUL _dBD-RjUL |
||
| 041 | _aeng | ||
| 082 | 0 | 4 |
_216 _a541.37 _bLIE 1962 |
| 100 | 1 |
_aLingane, James J. _q(James Joseph), _d1909- _929893 |
|
| 245 | 1 | 0 |
_aElectroanalytical chemistry / _cJames J. Lingane. |
| 250 | _a2nd ed., rev. and enl. | ||
| 260 |
_aNew York ; _aLondon : _bInterscience, _c1958 [reprinted 1958]. |
||
| 300 |
_axiv, 669 p. : _bill. ; _c24 cm. |
||
| 500 | _aPrevious ed.: 1953. | ||
| 504 | _aIncludes bibliographical references and index. | ||
| 650 | 0 |
_aElectrochemical analysis. _929368 |
|
| 942 |
_2ddc _cBK |
||
| 999 |
_c9660 _d9660 |
||